000 00465nam a2200181Ia 4500
008 131103s9999 xx 000 0 und d
040 _aLoreto College
041 _aEnglish
082 _aMIS/WIL
_bLCBED/7783
100 _aWilcox, Arthur
245 _aHow to face that interview
_cArthur Wilcox
260 _aUK
_bElliot Right
_c[19?]
300 _a126p.
_b ill.
_c 19cm.
504 _aIncludes index
650 _aMis
850 _aLCBED/MIS/WIL
942 _cBK
999 _c34376
_d84855